[Event "Cto Aragon Equipos Pref Gr II"]
[Site "Aragon"]
[Date "2018.02.03"]
[Round "2.53"]
[White "Garcia Morales, Roberto"]
[Black "Antonano Fedz-Quincoces, Avelino"]
[Result "1-0"]
[WhiteElo "2066"]
[BlackElo "2042"]
[PlyCount "81"]
[EventDate "2018.??.??"]
[EventType "tourn"]
[EventRounds "9"]
[EventCountry "ESP"]

1. e4 c5 2. b4 cxb4 3. d4 d5 4. exd5 Qxd5 5. c4 Qd8 6. Bb2 e6 7. Nf3 Nf6 8. Bd3
Be7 9. O-O O-O 10. Re1 Nbd7 11. Nbd2 Re8 12. Rc1 b6 13. Bb1 Bb7 14. Nf1 Bxf3
15. Qxf3 Nf8 16. Ne3 Rc8 17. Rcd1 Qc7 18. h4 Bd6 19. g3 e5 20. Nf5 exd4 21.
Bxd4 Rxe1+ 22. Rxe1 Re8 23. Rxe8 Nxe8 24. Bxg7 Nxg7 25. Nh6+ Kh8 26. Qxf7 Qxf7
27. Nxf7+ Kg8 28. Nxd6 Nd7 29. f3 h6 30. Kf2 Kf8 31. g4 Ke7 32. Nc8+ Ke6 33.
Nxa7 Ne5 34. Be4 Nxc4 35. Nc6 Kd6 36. Nxb4 Kc5 37. Nc2 Ne6 38. Kg3 Nd4 39. g5
hxg5 40. hxg5 Nxc2 41. Bxc2 1-0

[Event "Cto Aragon Equipos Pref Gr II"]
[Site "Aragon"]
[Date "2018.02.03"]
[Round "2.54"]
[White "Rodes Apilluelo, Jose Maria"]
[Black "Montes Santos, Lorenzo"]
[Result "1/2-1/2"]
[WhiteElo "1976"]
[BlackElo "2058"]
[PlyCount "74"]
[EventDate "2018.??.??"]
[EventType "tourn"]
[EventRounds "9"]
[EventCountry "ESP"]

1. d4 Nf6 2. c4 c5 3. Nf3 g6 4. d5 b5 5. cxb5 d6 6. Nc3 Bg7 7. e4 O-O 8. Be2 a6
9. b6 Qxb6 10. Nd2 a5 11. Nc4 Qd8 12. O-O Na6 13. Bg5 Nc7 14. f4 Ba6 15. Nd2
Qc8 16. h3 Qb7 17. Rb1 Rab8 18. Kh2 Rfe8 19. Bc4 Bxc4 20. Nxc4 Qa6 21. b3 Rb4
22. Rc1 Nb5 23. Nxb5 Rxb5 24. Qf3 Qb7 25. Rfd1 Nd7 26. Qe2 Qb8 27. Bh4 Rb4 28.
Be1 Rb5 29. Bxa5 Qa7 30. Bc3 Bh6 31. Rf1 Rb7 32. Ba1 Ra8 33. Qb2 f6 34. Rc2 Bg7
35. Re1 Nb6 36. Nxb6 Rxb6 37. Ree2 Qb8 1/2-1/2

[Event "Cto Aragon Equipos Pref Gr II"]
[Site "Aragon"]
[Date "2018.02.03"]
[Round "2.55"]
[White "Martinez Asensio, Juan Miguel"]
[Black "Sanjulian Arruga, Pablo"]
[Result "1/2-1/2"]
[WhiteElo "2022"]
[BlackElo "1788"]
[PlyCount "76"]
[EventDate "2018.??.??"]
[EventType "tourn"]
[EventRounds "9"]
[EventCountry "ESP"]

1. d4 d5 2. c4 e6 3. Nf3 c6 4. e3 Nf6 5. Nbd2 Nbd7 6. b3 Bd6 7. Bb2 O-O 8. Bd3
b6 9. O-O Bb7 10. e4 dxe4 11. Nxe4 Nxe4 12. Bxe4 Nf6 13. Bc2 c5 14. dxc5 Bxc5
15. Qe2 Qe7 16. Rad1 Rfd8 17. Ne5 Rxd1 18. Rxd1 Rd8 19. Rxd8+ Qxd8 20. Qd3 Qxd3
21. Nxd3 Be7 22. f3 Nd7 23. Kf2 f6 24. Ke3 Kf7 25. b4 g5 26. a3 h5 27. g3 Bd6
28. f4 h4 29. Nf2 hxg3 30. hxg3 gxf4+ 31. gxf4 e5 32. f5 Ke7 33. Be4 Bc8 34.
Bd5 a5 35. Nd3 axb4 36. axb4 Nb8 37. Ke4 Na6 38. Bc3 Kd8 1/2-1/2

[Event "Cto Aragon Equipos Pref Gr II"]
[Site "Aragon"]
[Date "2018.02.03"]
[Round "2.56"]
[White "Lazaro Abadias, Andres"]
[Black "Larrosa Poves, Jose Manuel"]
[Result "1-0"]
[WhiteElo "1478"]
[BlackElo "1953"]
[PlyCount "76"]
[EventDate "2018.??.??"]
[EventType "tourn"]
[EventRounds "9"]
[EventCountry "ESP"]

1. e4 c5 2. Nf3 e6 3. d4 cxd4 4. Nxd4 Nf6 5. Nc3 Bb4 6. e5 Nd5 7. Bd2 Bxc3 8.
bxc3 Nc6 9. Nxc6 bxc6 10. Be2 d6 11. exd6 Qxd6 12. Bg5 Qe5 13. Qd2 Qxc3 14.
Qxc3 Nxc3 15. Bf3 Bd7 16. O-O f6 17. Bh5+ Ke7 18. Bh4 g5 19. Bg3 e5 20. Rfe1
Be6 21. Re3 Nxa2 22. Ra3 Rhb8 23. Bf3 Rb6 24. Be4 f5 25. Bxf5 Bxf5 26. R3xa2
Ke6 27. f3 e4 28. fxe4 Bxe4 29. Bf2 Rb5 30. Re1 Kd5 31. c4+ Kxc4 32. Rxe4+ Kd3
33. Rd4+ Kc3 34. Ra3+ Kc2 35. Rc4+ Kd2 36. Be3+ Kd1 37. Ra2 Rb1 38. Rd4+ Ke1
1-0

[Event "Cto Aragon Equipos Pref Gr II"]
[Site "Aragon"]
[Date "2018.02.03"]
[Round "2.57"]
[White "Cajo Esteban, Ruben"]
[Black "Colom Sienes, Eduardo"]
[Result "1/2-1/2"]
[WhiteElo "1892"]
[BlackElo "2089"]
[PlyCount "37"]
[EventDate "2018.??.??"]
[EventType "tourn"]
[EventRounds "9"]
[EventCountry "ESP"]

1. d4 Nf6 2. c4 c5 3. e3 g6 4. Nc3 Bg7 5. Nf3 O-O 6. Bd3 d6 7. O-O Nc6 8. a3
Bg4 9. Be2 cxd4 10. exd4 Rc8 11. Qd3 Na5 12. Nd2 Bf5 13. Qe3 Ng4 14. Bxg4 Bxg4
15. b3 e6 16. Bb2 d5 17. c5 e5 18. Nb5 e4 19. b4 1/2-1/2

[Event "Cto Aragon Equipos Pref Gr II"]
[Site "Aragon"]
[Date "2018.02.03"]
[Round "2.59"]
[White "Lebron Duran, Jose Maria"]
[Black "Sacristan Latorre, Alberto"]
[Result "0-1"]
[WhiteElo "1835"]
[BlackElo "2055"]
[PlyCount "38"]
[EventDate "2018.??.??"]
[EventType "tourn"]
[EventRounds "9"]
[EventCountry "ESP"]

1. e4 c5 2. d4 cxd4 3. c3 dxc3 4. Nxc3 Nc6 5. Nf3 d6 6. Bc4 a6 7. O-O Nf6 8. a4
Bg4 9. Bf4 e6 10. Qe2 Be7 11. Rfd1 O-O 12. e5 Nh5 13. g3 Nxf4 14. gxf4 Qc7 15.
Rac1 Rad8 16. Bd3 dxe5 17. fxe5 Nd4 18. Qe4 Nxf3+ 19. Kh1 f5 0-1

[Event "Cto Aragon Equipos Pref Gr II"]
[Site "Aragon"]
[Date "2018.02.03"]
[Round "2.61"]
[White "Gaspar Calvo, Luis Alberto"]
[Black "Oms Pallisse, Josep"]
[Result "0-1"]
[WhiteElo "1915"]
[BlackElo "2431"]
[PlyCount "72"]
[EventDate "2018.??.??"]
[EventType "tourn"]
[EventRounds "9"]
[EventCountry "ESP"]

1. c4 Nf6 2. Nc3 e5 3. Nf3 Nc6 4. e4 Bb4 5. d3 d6 6. a3 Bc5 7. b4 Bb6 8. Na4
Bg4 9. Nxb6 axb6 10. Bb2 Nd7 11. h3 Bh5 12. Be2 O-O 13. g4 Bg6 14. h4 f6 15. h5
Bf7 16. Nh4 Ne7 17. Qd2 h6 18. Nf5 Nxf5 19. gxf5 Kh8 20. Rg1 Rg8 21. Rg6 Nf8
22. O-O-O Nh7 23. f4 Qe7 24. Rdg1 Rae8 25. Bf3 c6 26. Qg2 Qf8 27. Kb1 b5 28.
fxe5 dxe5 29. cxb5 cxb5 30. d4 exd4 31. Bxd4 Qd6 32. Qb2 Rd8 33. Rd1 Qf4 34.
Qg2 Bxg6 35. hxg6 Ng5 36. Rd3 Nxf3 0-1

[Event "Cto Aragon Equipos Pref Gr II"]
[Site "Aragon"]
[Date "2018.02.03"]
[Round "2.62"]
[White "Barranco Mananet, Fernando"]
[Black "Ruiperez Gumiel, Ramon"]
[Result "1/2-1/2"]
[WhiteElo "2026"]
[BlackElo "1845"]
[PlyCount "75"]
[EventDate "2018.??.??"]
[EventType "tourn"]
[EventRounds "9"]
[EventCountry "ESP"]

1. c4 g6 2. Nc3 Bg7 3. g3 d6 4. Bg2 Nf6 5. d4 O-O 6. e4 Nbd7 7. Nge2 c5 8. O-O
cxd4 9. Nxd4 Re8 10. b3 Nc5 11. Bb2 h5 12. Qd2 Ng4 13. Rad1 Bh6 14. Qe2 Bd7 15.
h3 Ne5 16. f4 Nc6 17. Nd5 Nxd4 18. Bxd4 Ne6 19. Bb2 Bc6 20. e5 dxe5 21. Bxe5
Bxd5 22. Bxd5 Bg7 23. Kg2 Qb6 24. f5 Nd8 25. fxg6 Qxg6 26. Rde1 e6 27. Bxg7
Kxg7 28. Be4 Qg5 29. Qf3 Re7 30. Re2 f5 31. h4 Qf6 32. Qxh5 Nf7 33. Qf3 Ne5 34.
Qc3 Ng4 35. Qxf6+ Kxf6 36. Bf3 Rg8 37. Rd1 Reg7 38. Ree1 1/2-1/2

[Event "Cto Aragon Equipos Pref Gr II"]
[Site "Aragon"]
[Date "2018.02.03"]
[Round "2.63"]
[White "Obon Zuniga, Francisco"]
[Black "Hidalgo Gracia, Andres"]
[Result "1/2-1/2"]
[WhiteElo "1796"]
[BlackElo "1774"]
[PlyCount "46"]
[EventDate "2018.??.??"]
[EventType "tourn"]
[EventRounds "9"]
[EventCountry "ESP"]

1. d4 d5 2. c4 c6 3. Nf3 Nf6 4. Nc3 e6 5. Bg5 Bb4 6. Qc2 Nbd7 7. e3 Qa5 8. Bxf6
Nxf6 9. Nd2 O-O 10. Bd3 c5 11. O-O cxd4 12. exd4 a6 13. Rfc1 Bxc3 14. Qxc3 Qxc3
15. Rxc3 Bd7 16. c5 Bc6 17. Nf3 Nd7 18. b4 Bb5 19. a4 Bxd3 20. Rxd3 f6 21. Re3
Kf7 22. Rae1 Rfe8 23. h4 h5 1/2-1/2

[Event "Cto Aragon Equipos Pref Gr II"]
[Site "Aragon"]
[Date "2018.02.03"]
[Round "2.65"]
[White "Planas Torrea, Francisco Javier"]
[Black "Martinez Cebolla, Alberto"]
[Result "1/2-1/2"]
[WhiteElo "2029"]
[BlackElo "2087"]
[PlyCount "30"]
[EventDate "2018.??.??"]
[EventType "tourn"]
[EventRounds "9"]
[EventCountry "ESP"]

1. e4 e5 2. Nf3 Nc6 3. Bc4 Nf6 4. d3 Bc5 5. c3 d6 6. b4 Bb6 7. a4 a6 8. h3 h6
9. O-O O-O 10. Bb3 Be6 11. Bc2 Ne7 12. Be3 Ba7 13. Nbd2 Ng6 14. Qe2 (14. d4 c6
15. Qe2 Qc7 16. Ne1 d5 17. Nd3 dxe4 18. Nc5 Bb8 19. Nxe6 fxe6 20. g3 Nf4 21.
Bxf4 exf4 22. Nxe4 fxg3 23. Nxg3 e5 24. dxe5 Qxe5 25. Qd3 Qd5 26. c4 Qxd3 27.
Bxd3 Be5 28. Rab1 Rad8 29. Rfd1 b6 30. Bg6 Bc7 31. Nf5 Rxd1+ 32. Rxd1 c5 33. b5
a5 34. Kg2 Rd8 35. Rxd8+ Bxd8 36. Kf3 Kf8 37. h4 Bc7 38. h5 Bd8 39. Nd6 Bc7 40.
Ne4 Ke7 41. Nxf6) 14... c6 15. d4 Qc7 1/2-1/2

[Event "Cto Aragon Equipos Pref Gr II"]
[Site "Aragon"]
[Date "2018.02.03"]
[Round "2.66"]
[White "Millan Martin, Alfonso"]
[Black "Planas Torrea, Alberto"]
[Result "1/2-1/2"]
[WhiteElo "1931"]
[BlackElo "1941"]
[PlyCount "58"]
[EventDate "2018.??.??"]
[EventType "tourn"]
[EventRounds "9"]
[EventCountry "ESP"]

1. c4 e6 2. Nc3 c6 3. d4 d5 4. cxd5 exd5 5. Nf3 Bd6 6. Bg5 Ne7 7. Bh4 Qb6 8.
Bxe7 Bxe7 9. Qc2 Bg4 10. e3 Nd7 11. Be2 O-O 12. O-O f5 13. Ne5 Nxe5 14. dxe5
Bxe2 15. Qxe2 Rae8 16. Kh1 Bb4 17. f4 Bxc3 18. bxc3 Rd8 19. Rab1 Qc7 20. c4 Qf7
21. cxd5 Rxd5 22. Rfd1 Rfd8 23. Kg1 b6 24. a4 Kf8 25. Qc2 g6 26. Kf2 Qd7 27.
Ke1 Rd3 28. Ke2 Rd5 29. Ke1 Rd3 1/2-1/2

[Event "Cto Aragon Equipos Pref Gr II"]
[Site "Aragon"]
[Date "2018.02.03"]
[Round "2.67"]
[White "Marcellan Peire, Jesus Eduardo"]
[Black "Villalba Embid, Marcos"]
[Result "1/2-1/2"]
[WhiteElo "1934"]
[BlackElo "1874"]
[PlyCount "78"]
[EventDate "2018.??.??"]
[EventType "tourn"]
[EventRounds "9"]
[EventCountry "ESP"]

1. Nf3 Nf6 2. g3 g6 3. Bg2 Bg7 4. O-O O-O 5. c4 d6 6. Nc3 Nc6 7. d3 e5 8. a3
Nh5 9. e4 f5 10. Bg5 Qe8 11. Nd5 Qf7 12. exf5 Bxf5 13. Nh4 h6 14. Be3 Nf6 15.
Qd2 Kh7 16. f4 Ng4 17. Nxf5 gxf5 18. fxe5 Bxe5 19. Rxf5 Qxf5 20. Be4 Qxe4 21.
dxe4 Nxe3 22. Nxe3 Nd4 23. Qd1 c6 24. Nf5 Nxf5 25. exf5 Rf6 26. Qd2 Rg8 27. Rf1
Rg4 28. Qe2 h5 29. b4 Rg5 30. Kh1 Rgxf5 31. Rxf5 Rxf5 32. Qe4 Kg6 33. Kg2 Kf6
34. Qh4+ Rg5 35. Qe4 Rf5 36. h4 Ke6 37. g4 hxg4 38. Qxg4 Bf4 39. Qe2+ (39. Qg6+
Rf6 40. Qe8+ Kf5 41. Qd7+ Ke4 42. Qe7+ Kf5 43. Qd7+ Ke4 44. Qe7+ Kf5) 39... Kf6
1/2-1/2

[Event "Cto Aragon Equipos Pref Gr II"]
[Site "Aragon"]
[Date "2018.02.03"]
[Round "2.68"]
[White "Gonzalez-Simarro Borra, Enriqu"]
[Black "Merin Flores, Miguel Angel"]
[Result "0-1"]
[WhiteElo "1669"]
[BlackElo "1737"]
[PlyCount "86"]
[EventDate "2018.??.??"]
[EventType "tourn"]
[EventRounds "9"]
[EventCountry "ESP"]

1. d4 d5 2. c4 e6 3. Nc3 Nf6 4. cxd5 exd5 5. Bg5 c6 6. e3 Be7 7. Qc2 O-O 8. Bd3
Nbd7 9. Nge2 Re8 10. O-O Nf8 11. Rad1 Bg4 12. f3 Bd7 13. Ng3 h6 14. Bf4 Rc8 15.
Nf5 Be6 16. Qf2 Bxf5 17. Bxf5 Ra8 18. e4 dxe4 19. fxe4 Bb4 20. e5 Nd5 21. Bxh6
gxh6 22. Ne4 Be7 23. Qg3+ Kh8 24. Bh3 Bh4 25. Qf3 Nh7 26. Rd3 Ng5 27. Nxg5 Bxg5
28. Qxf7 Rf8 29. Qxb7 Be3+ 30. Rxe3 Rxf1+ 31. Kxf1 Nxe3+ 32. Ke2 Nd5 33. Bf5
Ne7 34. Bd7 Rb8 35. Qxa7 Rxb2+ 36. Ke3 Qb8 37. Qa3 Qb5 38. Qxe7 Qe2+ 39. Kf4
Qf1+ 40. Kg4 Rxg2+ 41. Kh5 Qf3+ 42. Kxh6 Qf4+ 43. Kh5 Rxh2+ 0-1

[Event "División  Honor Aragonesa 2018 "]
[Site "Aragon"]
[Date "2018.02.10"]
[Round "3.5"]
[White "Baron Rodriguez, Jesus"]
[Black "Adla, Diego"]
[Result "1/2-1/2"]
[WhiteElo "2423"]
[BlackElo "2407"]
[PlyCount "95"]
[EventDate "2018.??.??"]
[EventType "tourn"]
[EventRounds "10"]
[EventCountry "ESP"]

1. e4 c5 2. Nc3 e6 3. Nf3 d6 4. d4 cxd4 5. Nxd4 Nf6 6. Be2 a6 7. O-O Qc7 8. f4
b5 9. e5 dxe5 10. fxe5 Nfd7 11. Bf3 Bb7 12. Bf4 Nc6 13. Nxc6 Bxc6 14. Bxc6 Qxc6
15. a3 g6 16. Kh1 Bg7 17. Qe2 O-O 18. Rad1 Rad8 19. Rd6 Qc8 20. Rfd1 Nc5 21.
Qf3 Rxd6 22. Rxd6 Nd7 23. Qe4 f6 24. exf6 Nxf6 25. Qe2 Nd5 26. Nxd5 exd5 27.
Qd3 d4 28. g3 Kh8 29. Kg1 Re8 30. a4 bxa4 31. Rxa6 Qb7 32. Rxa4 Qxb2 33. Ra7
Qb6 34. Ra1 Rc8 35. Re1 h6 36. Kg2 Qc6+ (36... Kh7) 37. Kh3 Qxc2 38. Re8+ Kh7
39. Qxc2 Rxc2 40. Re7 Kg8 41. Rd7 g5 42. Bc7 h5 43. g4 Rc3+ 44. Kg2 h4 45. Bb6
h3+ 46. Kf2 Rc2+ 47. Kf3 Rxh2 48. Bxd4 1/2-1/2

[Event "División  Honor Aragonesa 2018 "]
[Site "Aragon"]
[Date "2018.02.10"]
[Round "3.6"]
[White "Glavina, Pablo"]
[Black "Moreno Gracia, Daniel"]
[Result "1-0"]
[WhiteElo "2394"]
[BlackElo "2309"]
[PlyCount "98"]
[EventDate "2018.??.??"]
[EventType "tourn"]
[EventRounds "10"]
[EventCountry "ESP"]

1. c4 c5 2. Nf3 Nc6 3. d4 cxd4 4. Nxd4 g6 5. e4 Bg7 6. Be3 Nf6 7. Nc3 d6 8. Be2
O-O 9. O-O Bd7 10. h3 Nxd4 11. Bxd4 Bc6 12. Qc2 a5 13. Rad1 Nd7 14. Be3 a4 15.
Nd5 Rc8 16. Nb4 Qa5 17. Nxc6 Rxc6 18. Rd5 Nc5 19. Rb1 Ra8 20. f4 Qc7 21. Kh1 e6
22. Rdd1 Nd7 23. Qd3 Bf8 24. b4 axb3 25. axb3 Nc5 26. Qc2 Rca6 27. Bf3 Ra2 28.
Rb2 Rxb2 29. Qxb2 Bg7 30. Qc2 Ra3 31. Rb1 Qb6 32. e5 dxe5 33. Qf2 Rxb3 34. Rxb3
Qxb3 35. Bxc5 exf4 36. Qd2 h5 37. Qxf4 Kh7 38. Qxf7 Qxc4 39. Bf8 Qd4 40. Bxg7
Qxg7 41. Qxg7+ Kxg7 42. Bxb7 Kf7 43. Kg1 Kf6 44. Kf2 Kg5 45. Be4 Kf6 46. Kf3
Kg5 47. Bb1 Kf6 48. Kf4 g5+ 49. Ke4 e5 1-0

[Event "División  Honor Aragonesa 2018 "]
[Site "Aragon"]
[Date "2018.02.10"]
[Round "3.7"]
[White "Lopez Gracia, Fernando"]
[Black "Quintin Navarro, Alberto"]
[Result "1/2-1/2"]
[WhiteElo "2302"]
[BlackElo "2380"]
[PlyCount "100"]
[EventDate "2018.??.??"]
[EventType "tourn"]
[EventRounds "10"]
[EventCountry "ESP"]

1. e4 e5 2. Nf3 Nc6 3. Bc4 Nf6 4. d3 Be7 5. O-O O-O 6. a4 d6 7. a5 a6 8. c3 h6
9. Re1 Nd7 10. b4 Bf6 11. Na3 Kh7 12. Qb3 Qe7 13. Nc2 g6 14. Ne3 Bg7 15. Bb2
Nf6 16. h3 Nh5 17. Nd5 Qd8 18. d4 Be6 19. Rad1 Qd7 20. Ne3 Bxc4 21. Qxc4 Rae8
22. dxe5 Nxe5 23. Nxe5 Bxe5 24. Ng4 Bg7 25. e5 Qe7 26. Qd5 dxe5 27. Qxb7 f5 28.
Nh2 e4 29. Qc6 Rd8 30. Qxa6 Nf4 31. Bc1 Rxd1 32. Rxd1 Nd3 33. Qc4 Rd8 34. Nf1
Qh4 35. g3 Qxh3 36. Rxd3 Rxd3 37. a6 Rxc3 38. Qxc3 Bxc3 39. a7 e3 40. Bxe3 f4
41. a8=Q fxe3 42. Nxe3 Bxb4 43. Qe8 Bc3 44. Qf7+ Bg7 45. Nd5 Qf5 46. Qxf5 gxf5
47. Nxc7 Kg6 48. Kg2 Be5 49. Nd5 Bd6 50. Kf3 Kf7 1/2-1/2

[Event "División  Honor Aragonesa 2018 "]
[Site "Aragon"]
[Date "2018.02.10"]
[Round "3.8"]
[White "Chueca Lorente, Javier"]
[Black "Torcal Miguel, Oscar"]
[Result "1-0"]
[WhiteElo "2134"]
[BlackElo "2210"]
[PlyCount "85"]
[EventDate "2018.??.??"]
[EventType "tourn"]
[EventRounds "10"]
[EventCountry "ESP"]

1. Nf3 Nf6 2. c4 g6 3. Nc3 Bg7 4. d4 d6 5. e4 Bg4 6. Be2 Nfd7 7. Be3 O-O 8. Nd2
Bxe2 9. Qxe2 Nc6 10. Nb3 e5 11. d5 Ne7 12. O-O f5 13. f4 Bh6 14. fxe5 Bxe3+ 15.
Qxe3 Nxe5 16. Nd4 Qd7 17. Ne6 Rf7 18. b3 a6 19. Ne2 c5 20. Ng3 Kh8 21. exf5
Nxf5 22. Nxf5 gxf5 23. Nxc5 Qe7 24. Ne6 Rg8 25. Rae1 Qh4 26. Rf4 Qh5 27. Ref1
Rf6 28. h3 Rfg6 29. R4f2 Rg3 30. Nf4 Qh4 31. Qe2 Rc3 32. Qh5 Qxh5 33. Nxh5 Rxh3
34. Rxf5 Rd3 35. Nf6 Rg6 36. Ne8 h6 37. Rf8+ Kh7 38. Nf6+ Kg7 39. Nh5+ Kh7 40.
Nf4 Nf3+ 41. Rxf3 Rxf3 42. Nxg6 Re3 43. Nf4 1-0

[Event "División  Honor Aragonesa 2018 "]
[Site "Aragon"]
[Date "2018.02.10"]
[Round "3.9"]
[White "Romero Pallares, Daniel"]
[Black "Cifuentes Parada, Roberto"]
[Result "0-1"]
[WhiteElo "2203"]
[BlackElo "2465"]
[PlyCount "116"]
[EventDate "2018.??.??"]
[EventType "tourn"]
[EventRounds "10"]
[EventCountry "ESP"]

1. d4 d5 2. Nf3 c5 3. c4 dxc4 4. e3 Nf6 5. Bxc4 e6 6. O-O Nc6 7. Qe2 a6 8. Nc3
b5 9. Bb3 Qc7 10. d5 exd5 11. e4 dxe4 12. Nxe4 Be7 13. Nxf6+ gxf6 14. Qe4 c4
15. Bf4 f5 16. Qe3 Qa7 17. Qc3 Rg8 18. a4 Qb7 19. Bc2 Be6 20. axb5 axb5 21.
Rxa8+ Qxa8 22. Bg5 Bc5 23. Qf6 Be7 24. Qc3 Qb7 25. Bxe7 Nxe7 26. Nh4 b4 27.
Ba4+ Kf8 28. Qf6 Qe4 29. Bd1 Ng6 30. Nf3 Nf4 31. Qd8+ Kg7 32. Qg5+ Ng6 33. Re1
Qf4 34. g3 Qxg5 35. Nxg5 Rd8 36. Bf3 Rd2 37. Be2 Bd5 38. Rd1 Rxd1+ 39. Bxd1 Ne5
40. Bc2 h6 41. Nh3 Nf3+ 42. Kf1 Nd4 43. Bd1 c3 44. bxc3 bxc3 45. Nf4 Be4 46. h3
c2 47. Bxc2 Bxc2 48. Ke1 Ne6 49. Nd5 Be4 50. Nc3 Bc6 51. Kd2 f4 52. Ne2 Bg2 53.
h4 Bf3 54. Ng1 Bh5 55. Nh3 Bg4 56. Ng1 fxg3 57. fxg3 Kf6 58. Ke3 Kf5 0-1

[Event "División  Honor Aragonesa 2018 "]
[Site "Aragon"]
[Date "2018.02.10"]
[Round "3.10"]
[White "Roque Sola, Jose Luis"]
[Black "Palacios Herrero, Pablo"]
[Result "0-1"]
[WhiteElo "2160"]
[BlackElo "2165"]
[PlyCount "50"]
[EventDate "2018.??.??"]
[EventType "tourn"]
[EventRounds "10"]
[EventCountry "ESP"]

1. e4 e6 2. d4 d5 3. Nd2 Nf6 4. e5 Nfd7 5. Bd3 c5 6. c3 Nc6 7. Ne2 cxd4 8. cxd4
f6 9. exf6 Nxf6 10. Nf3 Bd6 11. O-O Qc7 12. Bg5 O-O 13. Rc1 Ng4 14. h3 Rxf3 15.
hxg4 Rf7 16. Bb1 Qb6 17. Rc3 g6 18. Rb3 Qc7 19. Rh3 Bd7 20. Qd2 Re8 21. Bxg6
hxg6 22. Bf6 Rxf6 23. Qh6 e5 24. Qh7+ Kf8 25. g5 Rf7 0-1

[Event "División  Honor Aragonesa 2018 "]
[Site "Aragon"]
[Date "2018.02.10"]
[Round "3.11"]
[White "Dan, Teodor"]
[Black "Eizaguerri Floris, Maria"]
[Result "1-0"]
[WhiteElo "2164"]
[BlackElo "2119"]
[PlyCount "81"]
[EventDate "2018.??.??"]
[EventType "tourn"]
[EventRounds "10"]
[EventCountry "ESP"]

1. d4 d5 2. c4 c6 3. Nf3 Nf6 4. Nc3 e6 5. Bg5 h6 6. Bh4 dxc4 7. e4 g5 8. Bg3 b5
9. Be2 Bb7 10. h4 g4 11. Ne5 Nbd7 12. Nxd7 Qxd7 13. Be5 Qe7 14. Bxg4 Rg8 15.
Bf3 O-O-O 16. Qc2 Ng4 17. Bxg4 Rxg4 18. O-O-O Rxh4 19. Rhe1 Rh5 20. Qe2 Rg5 21.
Qf3 Bg7 22. Bxg7 Rxg7 23. g3 b4 24. Na4 Qg5+ 25. Qe3 Qa5 26. b3 c3 27. a3 c2
28. Kxc2 bxa3 29. Qc3 Qb5 30. Nc5 h5 31. Rh1 Rg6 32. Rd2 Rh6 33. f4 Rg8 34. Rd3
h4 35. Kb1 hxg3 36. Rg1 g2 37. Rg3 Rxg3 38. Qxg3 Qf1+ 39. Ka2 Qxg1 40. Qg8+ Kc7
41. Qxf7+ 1-0

[Event "División  Honor Aragonesa 2018 "]
[Site "Aragon"]
[Date "2018.02.10"]
[Round "3.12"]
[White "Escartin Lacasa, Jose"]
[Black "Iglesias Fernandez, Luis"]
[Result "0-1"]
[WhiteElo "2025"]
[BlackElo "1854"]
[PlyCount "110"]
[EventDate "2018.??.??"]
[EventType "tourn"]
[EventRounds "10"]
[EventCountry "ESP"]

1. d4 g6 2. Nf3 Bg7 3. c4 d6 4. e4 Nf6 5. Nc3 O-O 6. Be2 Nbd7 7. O-O e5 8. Be3
h6 9. h3 Re8 10. d5 Nc5 11. Qc2 Nh5 12. b4 Nd7 13. c5 Nf4 14. cxd6 Nxe2+ 15.
Qxe2 cxd6 16. Nb5 Nb6 17. Rac1 Re7 18. Nxa7 Bxh3 19. Nb5 Bg4 20. Nc7 Ra3 21.
Qb2 Rxe3 22. fxe3 Rxc7 23. Rxc7 Qxc7 24. Rc1 Qd7 25. Nh2 g5 26. Qa3 Bh5 27. Qa7
Qb5 28. Qxb7 Qxb4 29. Nf1 Kh7 30. a3 Qxa3 31. Rc6 Na4 32. Kh2 Nc5 33. Qb1 Bg6
34. Rxd6 Nxe4 35. Rxg6 Kxg6 36. Qxe4+ f5 37. Qc4 Qd6 38. e4 f4 39. Qc8 h5 40.
Nd2 g4 41. Qc6 Bf8 42. Nc4 Qf6 43. Nxe5+ Kg5 44. Qxf6+ Kxf6 45. Nc4 Bb4 46. e5+
Ke7 47. Nb2 Bc3 48. Nd3 Bd4 49. Nxf4 Bxe5 50. g3 Bxf4 51. gxf4 Kd6 52. Kg3 Kxd5
53. Kh4 Ke4 54. Kg5 g3 55. f5 g2 0-1

[Event "División  Honor Aragonesa 2018 "]
[Site "Aragon"]
[Date "2018.02.10"]
[Round "3.13"]
[White "Garza Marco, Sergio"]
[Black "Forcen Esteban, Daniel"]
[Result "1-0"]
[WhiteElo "2418"]
[BlackElo "2541"]
[PlyCount "87"]
[EventDate "2018.??.??"]
[EventType "tourn"]
[EventRounds "10"]
[EventCountry "ESP"]

1. d4 e6 2. c4 Bb4+ 3. Bd2 a5 4. Nf3 Nf6 5. g3 b6 6. Bg2 Bb7 7. O-O O-O 8. Nc3
d6 9. Rc1 Nbd7 10. Bg5 h6 11. Bxf6 Nxf6 12. Na4 d5 13. c5 Ba6 14. a3 b5 15. Nb6
cxb6 16. axb4 axb4 17. Qb3 bxc5 18. dxc5 Qe7 19. Ne5 Rfc8 20. Qxb4 Nd7 21. Nd3
Nb8 22. Ne5 f6 23. Ng6 Qf7 24. Nf4 Nc6 25. Qd2 Rd8 26. Ra1 b4 27. Ra4 Bc4 28.
Rxa8 Rxa8 29. Rc1 Rd8 30. e3 Ne5 31. b3 Bxb3 32. Qxb4 Bc4 33. Qb6 Re8 34. Ra1
Nd7 35. Qd6 Nf8 36. Bf3 g6 37. Be2 Rc8 38. Bxc4 dxc4 39. Rc1 g5 40. Ne2 e5 41.
Nc3 Ne6 42. c6 Nd8 43. Nd5 Ne6 44. Ne7+ 1-0

[Event "División  Honor Aragonesa 2018 "]
[Site "Aragon"]
[Date "2018.02.10"]
[Round "3.14"]
[White "Ramiro Ovejero, Juan Luis"]
[Black "Guzman Moneo, Alberto"]
[Result "1-0"]
[WhiteElo "2384"]
[BlackElo "2239"]
[PlyCount "65"]
[EventDate "2018.??.??"]
[EventType "tourn"]
[EventRounds "10"]
[EventCountry "ESP"]

1. e4 e6 2. d4 d5 3. Nd2 Be7 4. Ngf3 Nf6 5. e5 Nfd7 6. Bd3 c5 7. c3 b6 8. O-O
Ba6 9. Ne1 Bxd3 10. Nxd3 Nc6 11. Qg4 g6 12. Nf3 h5 13. Qg3 Qc8 14. Nf4 Nf8 15.
Nh3 Nh7 16. Nhg5 Nxg5 17. Bxg5 Qd8 18. Rfd1 c4 19. Qf4 Bxg5 20. Nxg5 Qe7 21. h4
b5 22. Re1 b4 23. Re3 bxc3 24. bxc3 Rb8 25. Rf3 Nd8 26. Qc1 Rb6 27. Rb1 O-O 28.
Rxb6 axb6 29. Rf6 Kg7 30. Nh3 b5 31. Qg5 Nc6 32. Nf4 Rh8 33. Nxg6 1-0

[Event "División  Honor Aragonesa 2018 "]
[Site "Aragon"]
[Date "2018.02.10"]
[Round "3.15"]
[White "Calvo Simon, Jorge"]
[Black "Gines Esteo, Pedro Antonio"]
[Result "0-1"]
[WhiteElo "2223"]
[BlackElo "2386"]
[PlyCount "102"]
[EventDate "2018.??.??"]
[EventType "tourn"]
[EventRounds "10"]
[EventCountry "ESP"]

1. e4 e6 2. d4 d5 3. e5 c5 4. c3 Nc6 5. Nf3 Nge7 6. a3 c4 7. Nbd2 Na5 8. b4
cxb3 9. Nxb3 Bd7 10. Nxa5 Qxa5 11. Bd2 Qa4 12. Qb1 Bc6 13. Bd3 h6 14. O-O Nc8
15. Be3 Nb6 16. Nd2 Be7 17. f4 g6 18. Bxg6 fxg6 19. Qxg6+ Kd7 20. f5 exf5 21.
e6+ Kd8 22. Rxf5 Nc4 23. Bxh6 Nd6 24. Rf4 Be8 25. Qg7 Rxh6 26. Qxh6 Qc2 27. Rf3
Rc8 28. Raf1 Rxc3 29. Rxc3 Qxc3 30. Nf3 Nf5 31. Qf4 Qe3+ 32. Qxe3 Nxe3 33. Rb1
b5 34. Ne5 Bxa3 35. Rb3 Nc2 36. Nd3 b4 37. Nc5 a5 38. Nb7+ Ke7 39. Nxa5 Nxd4
40. Rd3 Ne2+ 41. Kf2 Nc3 42. Nb7 Kxe6 43. Nc5+ Kd6 44. Nb3 Ne4+ 45. Kf3 Nc5 46.
Nxc5 Kxc5 47. g4 Ba4 48. g5 b3 49. g6 b2 50. Rxa3 b1=Q 51. Rxa4 Qd1+ 0-1